[Event "RUS-ch Silent"]
[Site "Zelenograd"]
[Date "2018.11.02"]
[Round "10"]
[White "Vysotskiy, Konstantin"]
[Black "Sokolov, Yury A"]
[Result "0-1"]
[WhiteElo "1473"]
[BlackElo "1796"]
[PlyCount "52"]
[EventDate "2018.10.25"]
[EventType "swiss"]
[EventRounds "11"]
[EventCountry "RUS"]
[SourceTitle "EXT 2020"]
[Source "ChessBase"]
[SourceDate "2019.10.17"]
[SourceVersion "1"]
[SourceVersionDate "2019.10.17"]
[SourceQuality "1"]

1. e4 c5 2. Nf3 d6 3. Bc4 e6 4. Nc3 a6 5. d4 cxd4 6. Qxd4 Nd7 7. e5 d5 8. Be2 Ne7 9. Nd1 b5 10. 0-0 h6 11. Ne3 Ng6 12. b3 Be7 13. c4 bxc4 14. bxc4 dxc4 15. Nxc4 0-0 16. Bd2 Bb7 17. Ba5 Qe8 18. Rad1 Bd5 19. Ne1 Bxc4 20. Bxc4 Ndxe5 21. Nc2 Qa4 22. Bc3 Qxc4 23. Qxc4 Nxc4 24. Rd4 Nce5 25. f4 Nc6 26. Rd7 Rac8 0-1